| 000 | 00395nam a22001697a 4500 | ||
|---|---|---|---|
| 003 | OSt | ||
| 005 | 20230116092405.0 | ||
| 008 | 230116b |||||||| |||| 00| 0 eng d | ||
| 020 | _a9780761973836 | ||
| 040 | _cHU | ||
| 082 | _a721.3/FIE/2013 | ||
| 100 |
_aField Andy _93983 |
||
| 245 | _aHow To Design And Report Experiments | ||
| 260 | _bNew Dehil | ||
| 300 | _f384 | ||
| 942 |
_2ddc _cBOOKS _n0 |
||
| 999 |
_c35787 _d35787 |
||